| Record ID | ia:chambergrisham00gris |
| Source | Internet Archive |
| Download MARC XML | https://archive.org/download/chambergrisham00gris/chambergrisham00gris_marc.xml |
| Download MARC binary | https://www.archive.org/download/chambergrisham00gris/chambergrisham00gris_meta.mrc |
LEADER: 00651cam 2200229M 4500
001 ocn299207469
003 OCoLC
005 20100525183255.0
008 991116t19951994nyu 000 0 eng d
040 $aXDR$cXDR$dF4B
020 $a0440220602 (pbk.)
020 $a9780440220602 (pbk.)
035 $a(OCoLC)299207469
050 14 $aPS3557.R5355$bC47 1995
082 04 $a813/.54$220
100 1 $aGrisham, John.
245 14 $aThe chamber /$cJohn Grisham.
260 $aNew York$bIsland Books$c1995, c1994.
300 $aviii, 676 p. ;$c18 cm.
500 $aReprint. Originally published: 1994.
994 $aZ0$bPMR
948 $hNO HOLDINGS IN PMR - 2 OTHER HOLDINGS